History Quiz

Random History or State Quiz

Senators of the 79th congress by state Quiz Stats

 Plays Quiz not verified by Sporcle

Score 0/48 Timer 06:00
0 Plays Today
% Correct
LaFollette, Wiley
92.9%
Glass, Byrd
78.6%
McClellan, Fullbright
71.4%
George, Russell
71.4%
Wilson, Hickenlooper
71.4%
Barkley, Chandler
71.4%
Taft, Burton
71.4%
Austen, Aiken
71.4%
Mitchell, Magnusen
71.4%
Tydings, Radcliffe
64.3%
Haydn, McFarland
57.1%
Vandenburg, Ferguson
57.1%
Bilbo, Eastland
57.1%
Overton, Ellender
50%
Walsh, Saltonstall
50%
McCarran, Scrugham
50%
Bridges, Tobey
50%
Hatch, Chavez
50%
McKellar, Stewart
50%
Connally, O'Daniel
50%
Bankhead, Hill
42.9%
Andrews, Pepper
42.9%
Willis, Capehart
42.9%
White, Brewster
42.9%
% Correct
Cordon, Morse
42.9%
Gerry, Green
42.9%
Kilgore, Revercomb
42.9%
O'Mahoney, Robertson
42.9%
Johnson, Downey
35.7%
Johnson , Milliken
35.7%
Lucas, Brooks
35.7%
Shipstead, Ball
35.7%
Wheeler, Murray
35.7%
Wagner, Mead
35.7%
Guffey, Myers
35.7%
Gurney, Bushfield
35.7%
Maloney, McMahon
28.6%
Tunnell, Buck
28.6%
Capper, Reed
28.6%
Briggs, Donnell
28.6%
Wherry, Butler
28.6%
Hawkes, Smith
28.6%
Bailey, Hoey
28.6%
Langer, Young
28.6%
Maybank, Johnston
28.6%
Thomas, Taylor
21.4%
Thomas, Moore
21.4%
Thomas, Murdock
21.4%

You're not logged in!

Compare scores with friends on all Sporcle quizzes.
OR
Log In

Sporcle TV

Today on Sporcle TV


Watch our educational content, quiz creation guides, and fun videos on Sporcle TV.

Show Comments

Extras

Top Quizzes Today


Score Distribution

Your Account Isn't Verified!

In order to create a playlist on Sporcle, you need to verify the email address you used during registration. Go to your Sporcle Settings to finish the process.

Report this User

Report this user for behavior that violates our Community Guidelines.

Details: